[Event "Quebec-ch 1/8 final"]
[Site "Shawinigan CAN"]
[Date "2001.06.02"]
[Round "2"]
[White "Leriche, Felix"]
[Black "Moisan-Plante, Marc-Olivier"]
[Result "1-0"]
[WhiteElo "2239"]
[BlackElo "2135"]
[PlyCount "105"]
[GameId "2160767911564552"]
[EventDate "2001.06.01"]
[EventType "swiss"]
[EventRounds "5"]
[EventCountry "CAN"]

1. e4 e5 2. f4 exf4 3. Bc4 Nf6 4. Nc3 c6 5. d4 Bb4 6. Qf3 d5 7. exd5 cxd5 8. Bb5+ Nc6 9. Bxf4 O-O 10. Nge2 Bg4 11. Qd3 Bxe2 12. Kxe2 Qd7 13. Raf1 Nxd4+ 14. Qxd4 Bxc3 15. Qxc3 Qxb5+ 16. Kd1 Rfe8 17. Qb3 Qe2+ 18. Kc1 Rac8 19. g3 b6 20. Rd1 Re4 21. Rd2 Qg4 22. Rhd1 Qe6 23. Bg5 Re5 24. Bxf6 Qxf6 25. Rxd5 Qh6+ 26. Kb1 Rxd5 27. Qxd5 Qf6 28. Qd7 Rf8 29. Qxa7 g6 30. Qd7 Kg7 31. Qd4 Qxd4 32. Rxd4 Re8 33. b3 Re2 34. h4 Rg2 35. Rd3 Kh6 36. a4 g5 37. hxg5+ Kxg5 38. b4 f5 39. Kb2 h5 40. a5 bxa5 41. bxa5 f4 42. a6 Re2 43. a7 Re8 44. gxf4+ Kxf4 45. Ra3 Ra8 46. Kc3 h4 47. Kd4 h3 48. Rxh3 Rxa7 49. c4 Rd7+ 50. Kc5 Rc7+ 51. Kb5 Rc8 52. c5 Kf5 53. Re3 1-0

[Event "Quebec-ch 1/8 final"]
[Site "Shawinigan CAN"]
[Date "2001.06.02"]
[Round "2"]
[White "Marcone, Malcom"]
[Black "Paz, Roman"]
[Result "0-1"]
[WhiteElo "1982"]
[BlackElo "2046"]
[PlyCount "98"]
[GameId "2160767911564553"]
[EventDate "2001.06.01"]
[EventType "swiss"]
[EventRounds "5"]
[EventCountry "CAN"]

1. d4 d5 2. Nf3 Nd7 3. c4 e6 4. Nc3 Ngf6 5. Bg5 h6 6. Bh4 Be7 7. e3 O-O 8. Qc2 c6 9. Bd3 Ne8 10. Bxe7 Qxe7 11. cxd5 exd5 12. O-O Nc7 13. Rfb1 Ne6 14. b4 Ng5 15. Nxg5 Qxg5 16. Ne2 Nb6 17. b5 cxb5 18. Rxb5 Bd7 19. Rc5 Rfc8 20. a4 Rxc5 21. dxc5 Rc8 22. a5 Nc4 23. a6 bxa6 24. Rxa6 Bb5 25. Bxc4 dxc4 26. Rxa7 Qxc5 27. Ra5 Qb4 28. Qc3 Rd8 29. h3 Rd1+ 30. Kh2 Qd6+ 31. Nf4 Ba6 32. Qa3 Bb7 33. Qxd6 Rxd6 34. Rb5 Ba6 35. Rc5 Kf8 36. Nd5 Bb7 37. Nb4 Ke7 38. Rxc4 Ke6 39. h4 Kf6 40. g4 g5 41. h5 Rd1 42. Nc6 Ba8 43. Kg2 Rd6 44. f3 Rxc6 45. Rxc6+ Bxc6 46. Kf2 Ke5 47. Kg3 f6 48. f4+ Ke4 49. fxg5 fxg5 0-1

[Event "Quebec-ch 1/8 final"]
[Site "Shawinigan CAN"]
[Date "2001.06.02"]
[Round "2"]
[White "Soudre, Nicolas"]
[Black "Gagnon, Fabien"]
[Result "0-1"]
[WhiteElo "2176"]
[BlackElo "2091"]
[PlyCount "50"]
[GameId "2160767911564554"]
[EventDate "2001.06.01"]
[EventType "swiss"]
[EventRounds "5"]
[EventCountry "CAN"]

1. e4 e6 2. d4 d5 3. Nc3 Nf6 4. Bg5 Be7 5. e5 Nfd7 6. Bxe7 Qxe7 7. f4 Nc6 8. Nf3 Nb6 9. Qd2 Bd7 10. a4 Qb4 11. b3 a6 12. Be2 Na5 13. Qe3 Rc8 14. O-O c5 15. Na2 cxd4 16. Nxd4 Qe7 17. f5 exf5 18. Nxf5 Bxf5 19. Qxb6 Qxe5 20. Qxa5 Rxc2 21. Bf3 Be4 22. Bxe4 Qxe4 23. Rae1 Rxg2+ 24. Kh1 Re2+ 25. Kg1 Qg2# 0-1

[Event "Quebec-ch 1/8 final"]
[Site "Shawinigan CAN"]
[Date "2001.06.02"]
[Round "2"]
[White "Trottier, Julie"]
[Black "Cloutier, Mario"]
[Result "0-1"]
[WhiteElo "1990"]
[BlackElo "1878"]
[PlyCount "114"]
[GameId "2160767911564555"]
[EventDate "2001.06.01"]
[EventType "swiss"]
[EventRounds "5"]
[EventCountry "CAN"]

1. d4 d5 2. Nf3 Nf6 3. c4 c6 4. g3 Bf5 5. Bg2 e6 6. O-O h6 7. Bf4 Nbd7 8. Nc3 Be7 9. cxd5 exd5 10. Re1 O-O 11. Nd2 Qb6 12. e4 dxe4 13. Ndxe4 Nxe4 14. Bxe4 Bxe4 15. Rxe4 Rfe8 16. Qe2 Kf8 17. Rxe7 Rxe7 18. Bd6 Rae8 19. Re1 Qd8 20. d5 Nf6 21. Ba3 Nxd5 22. Nxd5 cxd5 23. Qb5 b6 24. Qd3 Kg8 25. Bxe7 Rxe7 26. Rxe7 Qxe7 27. Qxd5 Qe1+ 28. Kg2 Qb4 29. b3 Qa3 30. Qd2 Qe7 31. Qe3 Qxe3 32. fxe3 f5 33. Kf3 Kf7 34. h4 g5 35. hxg5 hxg5 36. b4 b5 37. e4 Kf6 38. Ke3 Ke5 39. exf5 Kxf5 40. Kf3 g4+ 41. Ke3 Ke5 42. Kd3 Kd5 43. Ke3 Kc4 44. Kf4 Kxb4 45. Kxg4 Ka3 46. Kf4 Kxa2 47. g4 b4 48. g5 b3 49. g6 b2 50. g7 b1=Q 51. g8=Q+ Qb3 52. Qg2+ Ka3 53. Qa8 Qb4+ 54. Ke5 a5 55. Qf3+ Qb3 56. Qf8+ Ka2 57. Ke4 Qb4+ 0-1

[Event "Quebec-ch 1/8 final"]
[Site "Shawinigan CAN"]
[Date "2001.06.02"]
[Round "3"]
[White "Beaulieu, Eric"]
[Black "Fillion, Steve"]
[Result "1-0"]
[WhiteElo "2156"]
[BlackElo "2141"]
[PlyCount "51"]
[GameId "2160767911564557"]
[EventDate "2001.06.01"]
[EventType "swiss"]
[EventRounds "5"]
[EventCountry "CAN"]

1. Nf3 e6 2. d4 Nf6 3. c4 Bb4+ 4. Bd2 Qe7 5. Nc3 O-O 6. g3 d5 7. Bg2 Nc6 8. cxd5 exd5 9. O-O Bg4 10. Bg5 Bxc3 11. bxc3 Rad8 12. h3 Bc8 13. a4 Rfe8 14. Re1 h6 15. Bxf6 Qxf6 16. Nd2 Qg6 17. a5 Qh5 18. Kh2 Qf5 19. Rf1 h5 20. e3 Rd6 21. Qb1 Qg5 22. c4 dxc4 23. Ne4 Qd8 24. Nxd6 cxd6 25. a6 Qd7 26. Qb5 1-0

[Event "Quebec-ch 1/8 final"]
[Site "Shawinigan CAN"]
[Date "2001.06.02"]
[Round "3"]
[White "Bolduc, Steve"]
[Black "Boulay, David"]
[Result "1-0"]
[WhiteElo "2205"]
[BlackElo "2149"]
[PlyCount "71"]
[GameId "2160767911564558"]
[EventDate "2001.06.01"]
[EventType "swiss"]
[EventRounds "5"]
[EventCountry "CAN"]

1. d4 Nf6 2. Nf3 e6 3. c4 d5 4. Nc3 Be7 5. cxd5 Nxd5 6. e4 Nxc3 7. bxc3 O-O 8. Bd3 c5 9. O-O b6 10. Qe2 Bb7 11. Bb2 Nd7 12. Rfe1 Qc7 13. Rad1 Rac8 14. e5 c4 15. Bb1 Rfe8 16. h4 Nf8 17. Qe3 b5 18. Ng5 Qd8 19. Qf4 Bxg5 20. hxg5 Qe7 21. Re3 g6 22. Rh3 a5 23. f3 b4 24. Kf2 a4 25. Rdh1 Rc7 26. Qh2 f5 27. gxf6 Qf7 28. Rg3 Bd5 29. Qh6 Rb8 30. Bxg6 Nxg6 31. Rh5 bxc3 32. Bxc3 Qf8 33. Rxg6+ Kh8 34. Qxf8+ Rxf8 35. Rgh6 Rb7 36. g4 1-0

[Event "Quebec-ch 1/8 final"]
[Site "Shawinigan CAN"]
[Date "2001.06.02"]
[Round "3"]
[White "Charbonneau, Anne-Marie"]
[Black "Larochelle, Martial"]
[Result "0-1"]
[WhiteElo "1864"]
[BlackElo "2156"]
[PlyCount "50"]
[GameId "2160767911564559"]
[EventDate "2001.06.01"]
[EventType "swiss"]
[EventRounds "5"]
[EventCountry "CAN"]

1. d4 d5 2. c4 Nc6 3. cxd5 Qxd5 4. Nf3 e5 5. Nc3 Bb4 6. Bd2 Bxc3 7. Bxc3 e4 8. Ne5 Nge7 9. e3 Nxe5 10. dxe5 O-O 11. g3 Bf5 12. Bg2 Rad8 13. Qa4 Nc6 14. O-O b5 15. Qa6 Bg4 16. Rfe1 Rb8 17. Ba5 Bc8 18. Rad1 Bxa6 19. Rxd5 Nxa5 20. Rd7 Bb7 21. Rxc7 Rfd8 22. Bh3 a6 23. Rec1 Bd5 24. Ra7 Nc6 25. Rxa6 Nxe5 0-1

[Event "Quebec-ch 1/8 final"]
[Site "Shawinigan CAN"]
[Date "2001.06.02"]
[Round "3"]
[White "Cloutier, Mario"]
[Black "Arsenault, Michel"]
[Result "0-1"]
[WhiteElo "1878"]
[BlackElo "2122"]
[PlyCount "52"]
[GameId "2160767911564560"]
[EventDate "2001.06.01"]
[EventType "swiss"]
[EventRounds "5"]
[EventCountry "CAN"]

1. e4 c5 2. c3 Nf6 3. e5 Nd5 4. d4 cxd4 5. Nf3 Nc6 6. cxd4 d6 7. Bc4 Nb6 8. Bb3 dxe5 9. d5 Na5 10. Nc3 Nxb3 11. Qxb3 e6 12. Nxe5 exd5 13. Be3 Be6 14. O-O-O Bd6 15. Qb5+ Nd7 16. Nxd7 Qxd7 17. Qxd7+ Kxd7 18. Nxd5 Kc6 19. Rd3 Rhd8 20. Rhd1 Bxd5 21. Rc3+ Kd7 22. Rxd5 Ke6 23. Rcd3 a6 24. R5d4 Rac8+ 25. Kb1 f6 26. Bf4 Bxf4 0-1

[Event "Quebec-ch 1/8 final"]
[Site "Shawinigan CAN"]
[Date "2001.06.02"]
[Round "3"]
[White "Gagnon, Fabien"]
[Black "Gaspariants, Vladimir"]
[Result "0-1"]
[WhiteElo "2091"]
[BlackElo "2195"]
[PlyCount "66"]
[GameId "2160767911564561"]
[EventDate "2001.06.01"]
[EventType "swiss"]
[EventRounds "5"]
[EventCountry "CAN"]

1. d4 Nf6 2. Nf3 g6 3. g3 Bg7 4. Bg2 O-O 5. O-O d6 6. c4 c6 7. Nc3 Nbd7 8. e4 e5 9. Re1 Re8 10. h3 exd4 11. Nxd4 a5 12. Be3 Nc5 13. Qc2 a4 14. Rad1 Qa5 15. f4 Qb4 16. b3 Nfd7 17. Nce2 axb3 18. axb3 Nf8 19. Kh2 Qa3 20. Bc1 Qa2 21. Bb2 Nxb3 22. Nc3 Nxd4 23. Rxd4 Qa7 24. Rxd6 Qc5 25. e5 Qxc4 26. Qd2 Ne6 27. Ne4 Ra2 28. Nf6+ Bxf6 29. exf6 Qc5 30. f5 Rxb2 31. Rexe6 fxe6 32. Qxb2 Qxd6 33. fxe6 Rxe6 0-1

[Event "Quebec-ch 1/8 final"]
[Site "Shawinigan CAN"]
[Date "2001.06.02"]
[Round "3"]
[White "Loranger, Stephane"]
[Black "Soudre, Nicolas"]
[Result "1/2-1/2"]
[WhiteElo "1866"]
[BlackElo "2176"]
[PlyCount "105"]
[GameId "2160767911564562"]
[EventDate "2001.06.01"]
[EventType "swiss"]
[EventRounds "5"]
[EventCountry "CAN"]

1. e4 e6 2. d4 d5 3. Nc3 Bb4 4. e5 c5 5. a3 Bxc3+ 6. bxc3 Ne7 7. f4 Nbc6 8. Nf3 Qa5 9. Bd2 Qa4 10. dxc5 Bd7 11. Bd3 Rc8 12. Be3 Na5 13. Ng5 Nc4 14. Bd4 h6 15. Qh5 g6 16. Qh4 Nb2 17. Nxf7 Nxd3+ 18. cxd3 Kxf7 19. Qf6+ Kg8 20. Qxe7 Rh7 21. Qh4 Qc2 22. Qg3 Rf8 23. O-O Rg7 24. Qe3 Bb5 25. Rf3 g5 26. f5 g4 27. Rc1 Qxc1+ 28. Qxc1 gxf3 29. g3 Rxf5 30. c4 dxc4 31. dxc4 Rd7 32. Kf2 Rxd4 33. cxb5 Re4 34. Qxh6 Rfxe5 35. c6 bxc6 36. bxc6 Re2+ 37. Kf1 Rc5 38. h4 Rcc2 39. Qg6+ Kf8 40. Qf6+ Ke8 41. Qxf3 Red2 42. Ke1 Rh2 43. Kd1 Rcf2 44. Qh5+ Ke7 45. Qc5+ Ke8 46. Qh5+ Kf8 47. Qc5+ Kf7 48. Qxf2+ Rxf2 49. c7 Rf1+ 50. Kd2 Rf2+ 51. Kc3 Rf1 52. Kd2 Rf2+ 53. Kc1 1/2-1/2

[Event "Quebec-ch 1/8 final"]
[Site "Shawinigan CAN"]
[Date "2001.06.02"]
[Round "3"]
[White "Masse, Hugues"]
[Black "Paz, Roman"]
[Result "1/2-1/2"]
[WhiteElo "2171"]
[BlackElo "2046"]
[PlyCount "143"]
[GameId "2160767911564563"]
[EventDate "2001.06.01"]
[EventType "swiss"]
[EventRounds "5"]
[EventCountry "CAN"]

1. e4 c6 2. d4 d5 3. e5 Bf5 4. Nc3 e6 5. g4 Bg6 6. Nge2 c5 7. h4 h5 8. Nf4 Nc6 9. Nxg6 fxg6 10. Bd3 cxd4 11. Bxg6+ Kd7 12. Ne2 Nxe5 13. gxh5 Nxg6 14. hxg6 Rxh4 15. Rg1 Bc5 16. Bg5 Qa5+ 17. Kf1 Rh8 18. b4 Bxb4 19. Qxd4 Bf8 20. c4 Qc5 21. Qb2 b6 22. cxd5 Qxd5 23. Ke1 Qa5+ 24. Bd2 Qa4 25. Bc3 Nf6 26. Rd1+ Ke8 27. Rd4 Qc6 28. Rd1 Be7 29. Rc1 Rd8 30. Bxf6 Bxf6 31. Rxc6 Bxb2 32. Rxe6+ Kd7 33. Re3 Rhe8 34. Rxe8 Rxe8 35. Rg3 Re6 36. Kd2 Ke7 37. Nc3 Bxc3+ 38. Kxc3 Kf6 39. a4 a6 40. Kd4 Kf5 41. Kd5 Re5+ 42. Kc6 Ra5 43. Kxb6 Rxa4 44. Kc5 Rf4 45. Ra3 Rxf2 46. Rxa6 Rg2 47. Kd4 Rxg6 48. Ra7 Rg3 49. Rf7+ Kg6 50. Ra7 Rf3 51. Ke4 Rf8 52. Ra1 Rf6 53. Rg1+ Kf7 54. Rg4 Rf1 55. Ke5 Rf2 56. Ke4 Rf6 57. Ke3 Rg6 58. Rf4+ Ke6 59. Kf3 Rg5 60. Ra4 Kf5 61. Ra6 Rg1 62. Ra5+ Kg6 63. Rb5 Rg5 64. Rb6+ Kh5 65. Rb8 Kh4 66. Rh8+ Rh5 67. Rg8 g5 68. Kg2 Rh6 69. Ra8 Rc6 70. Ra4+ Kh5 71. Kg3 Rc3+ 72. Kg2 1/2-1/2

[Event "Quebec-ch 1/8 final"]
[Site "Shawinigan CAN"]
[Date "2001.06.02"]
[Round "3"]
[White "Moisan-Plante, Marc-Olivier"]
[Black "Tisseur, Daniel"]
[Result "1-0"]
[WhiteElo "2120"]
[BlackElo "1897"]
[PlyCount "77"]
[GameId "2160767911564564"]
[EventDate "2001.06.01"]
[EventType "swiss"]
[EventRounds "5"]
[EventCountry "CAN"]

1. e4 c5 2. d4 cxd4 3. c3 dxc3 4. Nxc3 Nc6 5. Nf3 d6 6. Bc4 e6 7. O-O Be7 8. Qe2 a6 9. Rd1 Bd7 10. Bf4 e5 11. Be3 Nf6 12. Bg5 Bg4 13. Qe3 Rc8 14. Bxf6 Bxf6 15. Bd5 O-O 16. h3 Bxf3 17. Qxf3 b5 18. Bxc6 Rxc6 19. Rd3 Bg5 20. Rad1 b4 21. Nd5 a5 22. a3 bxa3 23. Rxa3 Rc1 24. Rxc1 Bxc1 25. Qc3 Qg5 26. Qxa5 Bxb2 27. Rb3 Bd4 28. Ne3 Rc8 29. g3 h6 30. Qd5 Qf6 31. Nf5 Rc1+ 32. Kg2 Rc3 33. Rxc3 Bxc3 34. Qa8+ Kh7 35. Qf8 Bd4 36. f3 Qg5 37. h4 Qf6 38. Ne7 h5 39. Qg8+ 1-0

[Event "Quebec-ch 1/8 final"]
[Site "Shawinigan CAN"]
[Date "2001.06.02"]
[Round "3"]
[White "Tessier, Olivier"]
[Black "Leriche, Felix"]
[Result "1-0"]
[WhiteElo "2028"]
[BlackElo "2239"]
[PlyCount "85"]
[GameId "2160767911564565"]
[EventDate "2001.06.01"]
[EventType "swiss"]
[EventRounds "5"]
[EventCountry "CAN"]

1. Nf3 d5 2. c4 c6 3. b3 Bg4 4. Bb2 Nd7 5. d3 Ngf6 6. Nbd2 e6 7. g3 Bd6 8. Bg2 O-O 9. O-O Re8 10. e4 e5 11. cxd5 cxd5 12. Rc1 Nc5 13. Qc2 Rc8 14. Qb1 Bd7 15. exd5 Bf5 16. Ne1 e4 17. Bxf6 Qxf6 18. dxe4 Bg4 19. f3 Qd4+ 20. Kh1 Qxd2 21. fxg4 Nxe4 22. Rxc8 Nxg3+ 23. hxg3 Qh6+ 24. Kg1 Qe3+ 25. Kh1 Qh6+ 26. Kg1 Qe3+ 27. Rf2 Rxc8 28. Qe4 Qxe4 29. Bxe4 Bc5 30. Kg2 Bxf2 31. Kxf2 Kf8 32. Ke3 Ke7 33. Kd4 Rc1 34. Nd3 Rc8 35. Nc5 b6 36. Nd3 g6 37. g5 f6 38. gxf6+ Kxf6 39. Ne5 Rd8 40. Bg2 Re8 41. d6 Re6 42. Nd7+ Kf7 43. Bd5 1-0

[Event "Quebec-ch 1/8 final"]
[Site "Shawinigan CAN"]
[Date "2001.06.02"]
[Round "3"]
[White "Trottier, Julie"]
[Black "Marcone, Malcom"]
[Result "1-0"]
[WhiteElo "1979"]
[BlackElo "1982"]
[PlyCount "97"]
[GameId "2160767911564566"]
[EventDate "2001.06.01"]
[EventType "swiss"]
[EventRounds "5"]
[EventCountry "CAN"]

1. d4 f5 2. c4 Nf6 3. Nf3 e6 4. g3 d5 5. Bg2 c6 6. O-O Bd6 7. Ne5 b6 8. Nc3 Bb7 9. Qc2 Ne4 10. b3 Nxc3 11. Qxc3 O-O 12. Rd1 Qe7 13. Bb2 a5 14. Rac1 g5 15. c5 Bxe5 16. dxe5 b5 17. a3 Bc8 18. Qf3 Bd7 19. Qh5 Be8 20. Qh6 Bg6 21. Rd4 Qg7 22. Qxg5 Qxe5 23. Rd2 Qc7 24. h4 Qd8 25. Qh6 Qe7 26. Be5 Qf7 27. Bf3 Nd7 28. Bd6 Nf6 29. Bxf8 Rxf8 30. Qf4 Rd8 31. Kg2 Ne8 32. Rh1 Qf6 33. Qg5 e5 34. Bh5 Kg7 35. Bxg6 hxg6 36. Qxf6+ Nxf6 37. f3 d4 38. g4 fxg4 39. fxg4 Nxg4 40. h5 g5 41. Rd3 Ne3+ 42. Kf3 Kh6 43. Ke4 Ng4 44. Rf3 Kg7 45. Kf5 Nf6 46. h6+ Kf7 47. Kxg5 Rg8+ 48. Kf5 a4 49. Rhf1 1-0

[Event "Quebec-ch 1/8 final"]
[Site "Shawinigan CAN"]
[Date "2001.06.03"]
[Round "4"]
[White "Bannon, Eric"]
[Black "Fillion, Steve"]
[Result "1-0"]
[WhiteElo "2042"]
[BlackElo "2099"]
[PlyCount "131"]
[GameId "2160767911564567"]
[EventDate "2001.06.01"]
[EventType "swiss"]
[EventRounds "5"]
[EventCountry "CAN"]

1. e4 e6 2. d4 d5 3. exd5 exd5 4. c4 Nf6 5. Bd3 dxc4 6. Bxc4 Be7 7. Nf3 O-O 8. h3 Nbd7 9. O-O Nb6 10. Bb3 c6 11. Nc3 Bf5 12. Re1 h6 13. Ne5 Nbd5 14. Qf3 Bh7 15. Bd2 Qd6 16. Rad1 Rad8 17. g4 Nxc3 18. bxc3 Nd5 19. c4 Nc7 20. Ba5 Ne6 21. Bxd8 Qxd8 22. d5 Ng5 23. Qe3 cxd5 24. cxd5 Bd6 25. Nc4 Bb4 26. Re2 Ne4 27. a3 Bc5 28. Qf3 f5 29. d6 fxg4 30. Ne5+ Kh8 31. Nf7+ Rxf7 32. Qxf7 gxh3 33. Qh5 Bxd6 34. Qxh3 Qf8 35. Qh5 Bxa3 36. Qf7 Qxf7 37. Bxf7 Bf5 38. Ra1 Bc5 39. Ra5 b6 40. Rxa7 Kh7 41. Bh5 Ng5 42. Re8 Nh3+ 43. Kf1 Nf4 44. Bf7 Bd3+ 45. Kg1 h5 46. Re5 Kh6 47. Ra8 g6 48. Ra7 h4 49. Bg8 g5 50. Bf7 h3 51. Rc7 Ne2+ 52. Kh2 Nf4 53. Rc6+ Kg7 54. Bb3 Bb5 55. Rxg5+ Kf8 56. Rf6+ Ke7 57. Rxf4 Bd6 58. Rgg4 Bc6 59. Kxh3 Bxf4 60. Rxf4 Kd6 61. Rf6+ Kc5 62. Rxc6+ Kxc6 63. Kg4 Kd6 64. Kg5 Ke7 65. f4 b5 66. f5 1-0

[Event "Quebec-ch 1/8 final"]
[Site "Shawinigan CAN"]
[Date "2001.06.03"]
[Round "4"]
[White "Boulay, David"]
[Black "Arsenault, Michel"]
[Result "1-0"]
[WhiteElo "2149"]
[BlackElo "2122"]
[PlyCount "61"]
[GameId "2160767911564569"]
[EventDate "2001.06.01"]
[EventType "swiss"]
[EventRounds "5"]
[EventCountry "CAN"]

1. e4 c5 2. Nf3 e6 3. d4 cxd4 4. Nxd4 Nf6 5. Nc3 d6 6. Be3 Nc6 7. f3 Be7 8. Qd2 O-O 9. O-O-O d5 10. exd5 Nxd5 11. Nxd5 Qxd5 12. Nxc6 Qxc6 13. Bd3 Rd8 14. Qe2 Bd7 15. Kb1 Bf6 16. g4 g6 17. h4 a5 18. h5 a4 19. a3 Qc7 20. Qf2 Rdc8 21. c3 Bc6 22. g5 Bg7 23. Rh4 b5 24. Rdh1 Bd5 25. hxg6 hxg6 26. Rh7 Be5 27. Qh4 Kf8 28. Bxg6 Bxf3 29. Bc5+ Qxc5 30. Rxf7+ Ke8 31. Qh8+ 1-0

[Event "Quebec-ch 1/8 final"]
[Site "Shawinigan CAN"]
[Date "2001.06.03"]
[Round "4"]
[White "Gagnon, Fabien"]
[Black "Masse, Hugues"]
[Result "1/2-1/2"]
[WhiteElo "2107"]
[BlackElo "2171"]
[PlyCount "55"]
[GameId "2160767911564570"]
[EventDate "2001.06.01"]
[EventType "swiss"]
[EventRounds "5"]
[EventCountry "CAN"]

1. d4 Nf6 2. Nf3 g6 3. g3 Bg7 4. Bg2 O-O 5. O-O d5 6. c4 c6 7. cxd5 cxd5 8. Nc3 Ne4 9. Nxe4 dxe4 10. Ne5 Qb6 11. Qa4 Rd8 12. Be3 Nd7 13. Nc4 Qe6 14. d5 Qxd5 15. Rfd1 b5 16. Rxd5 bxa4 17. Rad1 Re8 18. Ra5 Nf6 19. Rxa4 Bg4 20. Kf1 Rec8 21. b3 Be6 22. Rxa7 Rxa7 23. Bxa7 Bxc4 24. bxc4 Rxc4 25. h3 Bf8 26. Be3 Ra4 27. Rd2 e6 28. Kg1 1/2-1/2

[Event "Quebec-ch 1/8 final"]
[Site "Shawinigan CAN"]
[Date "2001.06.03"]
[Round "4"]
[White "Marcone, Malcom"]
[Black "Charbonneau, Anne-Marie"]
[Result "0-1"]
[WhiteElo "1962"]
[BlackElo "1864"]
[PlyCount "78"]
[GameId "2160767911564572"]
[EventDate "2001.06.01"]
[EventType "swiss"]
[EventRounds "5"]
[EventCountry "CAN"]

1. Nc3 e6 2. e4 c5 3. Nf3 d6 4. Bb5+ Bd7 5. Bxd7+ Qxd7 6. O-O Nc6 7. d3 Nf6 8. Bg5 Be7 9. Qd2 O-O 10. h3 Rac8 11. Rae1 Rfd8 12. Nh2 Ne8 13. f4 a6 14. Ng4 b5 15. Rf2 f6 16. Bh4 f5 17. Bxe7 Nxe7 18. Ne3 d5 19. exd5 exd5 20. Nf1 d4 21. Nd1 Nc6 22. Nh2 Nf6 23. Nf3 Re8 24. Rfe2 Rxe2 25. Rxe2 Re8 26. Ne5 Qc7 27. Qe1 Nxe5 28. fxe5 Nd7 29. e6 Nf8 30. Re5 g6 31. g4 fxg4 32. Nf2 Qe7 33. Nxg4 Nxe6 34. h4 h5 35. Qe4 Kg7 36. Rxh5 gxh5 37. Qe5+ Kg8 38. Nh6+ Kh7 39. Qxh5 Ng7 0-1

[Event "Quebec-ch 1/8 final"]
[Site "Shawinigan CAN"]
[Date "2001.06.03"]
[Round "4"]
[White "Moisan-Plante, Marc-Olivier"]
[Black "Loranger, Stephane"]
[Result "1-0"]
[WhiteElo "2135"]
[BlackElo "1866"]
[PlyCount "77"]
[GameId "2160767911564573"]
[EventDate "2001.06.01"]
[EventType "swiss"]
[EventRounds "5"]
[EventCountry "CAN"]

1. e4 e5 2. f4 Bc5 3. Nf3 Nc6 4. fxe5 Nd4 5. c3 Nxf3+ 6. Qxf3 d6 7. d4 Bb6 8. Bc4 Qe7 9. Bg5 f6 10. exf6 Nxf6 11. Nd2 Rf8 12. O-O-O Be6 13. e5 dxe5 14. dxe5 Nd5 15. Bxe7 Rxf3 16. Bxd5 Rxc3+ 17. bxc3 Bxd5 18. Bh4 Bxg2 19. Rhg1 Bxg1 20. Rxg1 Bd5 21. Rxg7 Bf7 22. Rxh7 Kf8 23. Ne4 Re8 24. Rh8+ Kg7 25. Rxe8 Bxe8 26. Kd2 Bf7 27. a3 Bc4 28. Ke3 Kf7 29. Bd8 a5 30. Bxc7 Ke6 31. Kd4 b5 32. Nc5+ Ke7 33. Bd6+ Kf7 34. e6+ Ke8 35. Ke5 b4 36. cxb4 axb4 37. axb4 Ba2 38. b5 Bc4 39. b6 1-0

[Event "Quebec-ch 1/8 final"]
[Site "Shawinigan CAN"]
[Date "2001.06.03"]
[Round "4"]
[White "Paz, Roman"]
[Black "Larochelle, Martial"]
[Result "1/2-1/2"]
[WhiteElo "2046"]
[BlackElo "2156"]
[PlyCount "53"]
[GameId "2160767911564574"]
[EventDate "2001.06.01"]
[EventType "swiss"]
[EventRounds "5"]
[EventCountry "CAN"]

1. d4 d5 2. Nf3 Nc6 3. Bf4 Bg4 4. e3 e6 5. Nbd2 Bd6 6. Bxd6 cxd6 7. h3 Bh5 8. c4 dxc4 9. Bxc4 Nf6 10. Bb5 O-O 11. Bxc6 bxc6 12. Qa4 Qd7 13. O-O c5 14. Qxd7 Nxd7 15. dxc5 Nxc5 16. b4 Nd3 17. b5 Rfc8 18. Nd4 Kf8 19. Nc6 Be2 20. Rfb1 Nc5 21. Rb2 Bxb5 22. Nxa7 Rxa7 23. Rxb5 Rca8 24. Nc4 Ke7 25. Nb6 Rxa2 26. Rd1 R8a6 27. Nc8+ 1/2-1/2

[Event "Quebec-ch 1/8 final"]
[Site "Shawinigan CAN"]
[Date "2001.06.03"]
[Round "4"]
[White "Soudre, Nicolas"]
[Black "Cloutier, Mario"]
[Result "1-0"]
[WhiteElo "2176"]
[BlackElo "1878"]
[PlyCount "57"]
[GameId "2160767911564575"]
[EventDate "2001.06.01"]
[EventType "swiss"]
[EventRounds "5"]
[EventCountry "CAN"]

1. e4 e5 2. Nf3 Nc6 3. d4 exd4 4. Bc4 Nf6 5. O-O d6 6. Nxd4 Be7 7. Nxc6 bxc6 8. Nc3 Be6 9. Bxe6 fxe6 10. Qe2 Qd7 11. Bf4 O-O 12. Rad1 d5 13. e5 Nh5 14. Bc1 Qe8 15. f4 Bc5+ 16. Kh1 g6 17. g4 Ng7 18. Qg2 Kh8 19. Ne2 Qe7 20. Rd3 Rf7 21. Rh3 Raf8 22. Rff3 Kg8 23. Rh6 Ne8 24. h4 Kh8 25. h5 Rg7 26. Rh3 Kg8 27. Qh2 Qf7 28. hxg6 Rxg6 29. Rxh7 1-0

[Event "Quebec-ch 1/8 final"]
[Site "Shawinigan CAN"]
[Date "2001.06.03"]
[Round "5"]
[White "Beaulieu, Eric"]
[Black "Boulay, David"]
[Result "1-0"]
[WhiteElo "2156"]
[BlackElo "2149"]
[PlyCount "83"]
[GameId "2160767911564577"]
[EventDate "2001.06.01"]
[EventType "swiss"]
[EventRounds "5"]
[EventCountry "CAN"]

1. d4 Nf6 2. c4 g6 3. Nc3 Bg7 4. e4 d6 5. Nf3 O-O 6. Be2 Nbd7 7. O-O e5 8. Qc2 c6 9. Rd1 Qc7 10. d5 a6 11. dxc6 bxc6 12. b4 d5 13. Nd2 Rb8 14. Ba3 Re8 15. Rac1 d4 16. Na4 Nf8 17. Nc5 h5 18. Qa4 N6d7 19. Ndb3 Nb6 20. Qa5 Bh6 21. Rc2 Bg5 22. Na4 Bd8 23. Nxb6 Rxb6 24. Nc5 Rb8 25. Qa4 Be7 26. b5 Bxc5 27. Bxc5 Ne6 28. Qa3 cxb5 29. Bd6 Qb7 30. Bxb8 b4 31. Qa5 Qxb8 32. c5 Nf4 33. Bc4 Bb7 34. c6 Bxc6 35. Bxf7+ Kxf7 36. Rxc6 Ne2+ 37. Kh1 Qb5 38. Qc7+ Re7 39. Qd6 Nf4 40. Qf6+ Kg8 41. Rc8+ Re8 42. Rc7 1-0

[Event "Quebec-ch 1/8 final"]
[Site "Shawinigan CAN"]
[Date "2001.06.03"]
[Round "5"]
[White "Charbonneau, Anne-Marie"]
[Black "Trottier, Julie"]
[Result "0-1"]
[WhiteElo "1864"]
[BlackElo "1979"]
[PlyCount "72"]
[GameId "2160767911564578"]
[EventDate "2001.06.01"]
[EventType "swiss"]
[EventRounds "5"]
[EventCountry "CAN"]

1. d4 Nf6 2. c4 d6 3. Nc3 Bf5 4. Nf3 Nbd7 5. Bf4 h6 6. h3 c5 7. d5 g5 8. Bh2 Bg7 9. Nd2 Qa5 10. Qa4 Qb4 11. Qxb4 cxb4 12. Nb5 Kd8 13. O-O-O Bg6 14. e3 Rc8 15. f3 a6 16. Nd4 Nxd5 17. Bg1 b5 18. e4 N5b6 19. b3 d5 20. exd5 Nxd5 21. Ne2 e6 22. Re1 Ke7 23. Kd1 Nc3+ 24. Nxc3 bxc3 25. Ne4 Rhd8 26. Kc1 b4 27. c5 Bxe4 28. Rxe4 a5 29. Rc4 Ne5 30. Re4 Rd2 31. Bd4 Rd8 32. Be3 Rxa2 33. Rg1 Nc6 34. Bb5 Nd4 35. Bxd4 Bxd4 36. Rd1 Be3+ 0-1

[Event "Quebec-ch 1/8 final"]
[Site "Shawinigan CAN"]
[Date "2001.06.03"]
[Round "5"]
[White "Gaspariants, Vladimir"]
[Black "Bolduc, Steve"]
[Result "1-0"]
[WhiteElo "2195"]
[BlackElo "2205"]
[PlyCount "85"]
[GameId "2160767911564580"]
[EventDate "2001.06.01"]
[EventType "swiss"]
[EventRounds "5"]
[EventCountry "CAN"]

1. e4 c6 2. d3 d5 3. Nd2 e5 4. Ngf3 Bd6 5. g3 Ne7 6. Bg2 f6 7. O-O Bg4 8. h3 Be6 9. d4 Nd7 10. dxe5 Nxe5 11. Nd4 Bf7 12. exd5 Nxd5 13. Ne4 O-O 14. f4 Ng6 15. c4 Nde7 16. b3 Bc7 17. Kh2 Bb6 18. Bb2 Qd7 19. Nxc6 Qxc6 20. Nxf6+ Qxf6 21. Bxf6 gxf6 22. Bxb7 Rad8 23. Qc2 h5 24. h4 Rd7 25. Be4 Rfd8 26. Rad1 f5 27. Rxd7 Rxd7 28. Bf3 Nf8 29. Rd1 Rxd1 30. Qxd1 Ne6 31. Bxh5 Nd4 32. Bxf7+ Kxf7 33. b4 Ne6 34. c5 Bc7 35. Qd7 Kf6 36. h5 Ng8 37. Qh7 Ne7 38. Qh8+ Kf7 39. h6 Ng6 40. Qa8 Ngf8 41. Qxa7 Kg6 42. b5 Kxh6 43. b6 1-0